Semillas de futuro: voces para el Chile 2030.
Wedi'i Gadw mewn:
| Prif Awdur: | |
|---|---|
| Fformat: | Llyfr |
| Cyhoeddwyd: |
Santiago, Chile:
Catalonia,
2015.
|
| Rhifyn: | Primera edición |
| Pynciau: | |
| Tagiau: |
Ychwanegu Tag
Dim Tagiau, Byddwch y cyntaf i dagio'r cofnod hwn!
|
MARC
| LEADER | 00000cam a2200000 a 4500 | ||
|---|---|---|---|
| 001 | UCC7048 | ||
| 003 | CL-VaPUC | ||
| 005 | 20230124164716.0 | ||
| 008 | 230124t2015 ||||| |||| 00| 0 eng d | ||
| 999 | |c 373840 |d 373838 | ||
| 020 | |a 978-956-324-376-5 | ||
| 040 | |c Pontificia Universidad Católica de Valparaíso | ||
| 082 | 0 | 4 | |a 070 CHA 2015 |2 21 |
| 100 | 0 | |a Chahuán, Francisco Javier |e autor |9 601597 | |
| 245 | 1 | 0 | |a Semillas de futuro: voces para el Chile 2030. |
| 250 | |a Primera edición | ||
| 260 | |a Santiago, Chile: |b Catalonia, |c 2015. | ||
| 300 | |a 495 páginas. | ||
| 500 | |a c.2 Donación Rectoria Diciembre 2022. | ||
| 583 | |a last modification |c 20190125 15:54:00 |k Rodrigo Vera | ||
| 650 | 0 | |a Entrevistas |9 265537 | |
| 650 | 0 | |a Senadores |9 403880 | |
| 650 | 0 | |a Ministerio de asuntos exteriores |2 CL-VaPUC |9 382269 | |
| 942 | |c BK |2 ddc | ||
| 945 | |d 20190125 15:54:00 |a dcastane | ||
| 952 | |0 0 |1 0 |3 erb |4 0 |6 070_000000000000000_CHA_2015 |7 0 |8 A |9 492083 |a BIBENE |b BIBENE |i 5532272 |o 070 CHA 2015 |p 5532272 |r 2025-01-15 |w 2019-11-24 |y BK |z Catalogado en:20190125 |k ICO | ||
| 952 | |0 0 |1 0 |2 ddc |4 0 |6 070_000000000000000_CHA_2015 |7 0 |8 A |9 588713 |a BIBCUR |b BIBCUR |c GEN |d 2023-01-24 |e Donación |i 5656483 |o 070 CHA 2015 |p 5656483 |r 2025-04-22 |t 2 |w 2023-01-24 |y BK |k PER | ||